Investigation into how population education has been incorporated in the draft syllabus at the teacher training level and how the porgramme is being implemented in the schools of Delhi (Record no. 1372651)
[ view plain ]
| 000 -LEADER | |
|---|---|
| fixed length control field | 00696nam a2200193Ia 4500 |
| 005 - DATE AND TIME OF LATEST TRANSACTION | |
| control field | 20250508161841.0 |
| 008 - FIXED-LENGTH DATA ELEMENTS--GENERAL INFORMATION | |
| fixed length control field | 008 250505s9999 xx 000 0 eng d |
| 037 ## - SOURCE OF ACQUISITION | |
| Stock number | Dissertations |
| 040 ## - CATALOGING SOURCE | |
| Original cataloging agency | FEDL |
| Language of cataloging | eng |
| Transcribing agency | FEDL |
| 041 ## - LANGUAGE CODE | |
| Language code of text/sound track or separate title | eng |
| Source of code | eng |
| 084 ## - COLON CLASSIFICATION NUMBER | |
| Classification number | 301.320 7, GUP/DI |
| Assigning agency | FEDL |
| 100 ## - MAIN ENTRY--PERSONAL NAME | |
| Personal name | Gupta Nina |
| 9 (RLIN) | 524114 |
| 245 #0 - TITLE STATEMENT | |
| Title | Investigation into how population education has been incorporated in the draft syllabus at the teacher training level and how the porgramme is being implemented in the schools of Delhi |
| 260 ## - PUBLICATION, DISTRIBUTION, ETC. | |
| Date of publication, distribution, etc. | 1977 |
| 300 ## - PHYSICAL DESCRIPTION | |
| Extent | vi,129p. |
| 546 ## - LANGUAGE NOTE | |
| Language note | M. Ed. Dissertation (Delhi University) |
| 942 ## - ADDED ENTRY ELEMENTS (KOHA) | |
| Koha item type | Dissertations |
| Classification part | 301.320 7, GUP/DI |
| Withdrawn status | Lost status | Damaged status | Not for loan | Home library | Current library | Date acquired | Total Checkouts | Full call number | Barcode | Date last seen | Price effective from | Koha item type |
|---|---|---|---|---|---|---|---|---|---|---|---|---|
| Department of Education Library | Department of Education Library | 2025-05-08 | 301.320 7, GUP/DI | EL0062485 | 2025-05-08 | 2025-05-08 | Dissertations |
